Ganadería colombiana sostenible (Registro nro. 7546)

Detalles MARC
000 -CABECERA
Campo de control 00890nam a22002657a 4500
005 - FECHA Y HORA DE LA ULTIMA TRANSACCION
Campo de control 20130813110952.0
008 - ELEMENTOS DE LONGITUD FIJA—INFORMACION GENERAL
Campo de control 130813b2011 ck ||||| |||| 00| 0 spa d
020 ## - ISBN
ISBN 9789589386637
041 ## - IDIOMA
Código de idioma para texto/pista de sonido o título separado Español
044 ## - PAÍS DE PUBLICACIÓN
País de publicación Colombia
082 ## - NUMERO DE CLASIFICACION DECIMAL DEWEY
Número de clasificación 636.2
Número del ítem G195g
245 #0 - MENCION DE TITULO
Título Ganadería colombiana sostenible
246 ## - FORMA VARIANTE DEL TITULO
Título propiamente dicho/forma breve del título Mainstreaming biodiversity in sustainable cattle ranching
260 ## - PUBLICACION, DISTRIBUCION, ETC. (PIE DE IMPRENTA)
Lugar de publicación, distribución, etc. Cali
Nombre del editor, distribuidor, etc. CIPAV
Fecha de publicación, distribución, etc. 2011
300 ## - DESCRIPCION FISICA
Extensión 158 p.
Otros detalles físicos il. (col), tablas
Dimensiones 22 cm.
650 ## - ASIENTO SECUNDARIO DE MATERIA - TERMINO TEMATICO
Término temático o nombre geográfico como elemento de entrada Ganadería
Subdivisión general Aspectos ambientales
Subdivisión geográfica Colombia
650 6# - ASIENTO SECUNDARIO DE MATERIA - TERMINO TEMATICO
Término temático o nombre geográfico como elemento de entrada Medio ambiente
Subdivisión geográfica Colombia
650 6# - ASIENTO SECUNDARIO DE MATERIA - TERMINO TEMATICO
Término temático o nombre geográfico como elemento de entrada Conservación de los recursos agrícolas
Subdivisión geográfica Colombia
650 6# - ASIENTO SECUNDARIO DE MATERIA - TERMINO TEMATICO
Término temático o nombre geográfico como elemento de entrada Alimentos para animales
Subdivisión geográfica Colombia
700 ## - ASIENTO SECUNDARIO - NOMBRE PERSONAL
Nombre personal Chará, Julián
Término de relación ed.
700 ## - ASIENTO SECUNDARIO - NOMBRE PERSONAL
Nombre personal Murgueitio-R., Enrique
Término de relación ed
700 ## - ASIENTO SECUNDARIO - NOMBRE PERSONAL
Nombre personal Zuluaga, Andrés
Término de relación ed
700 ## - ASIENTO SECUNDARIO - NOMBRE PERSONAL
Nombre personal Giraldo, Carolina
Término de relación ed
942 ## - ELEMENTOS ADICIONALES (KOHA)
Sistema de clasificación Dewey Decimal Classification
Tipo de ítem Impreso
Existencias
Withdrawn status Lost status Sistema de Clasificación Damaged status No para préstamo Colección Inventariado Ubicación Permanente Ubicación actual Fecha de adquisición Fuente de Valor Valor Total Checkouts Número topográfico Inventario / Código de Barras Date last seen Ejemplar Price effective from Forma de adquisición Tipo de material
    Dewey Decimal Classification     General Inventariado 2017 Bogotá Bogotá 13/08/2013 Instituto 39000.00   LB 636.2 G195g 058330 13/08/2013 Ej. 1 13/08/2013   Libro